Numerical investigation of curved composite panel with cutout under compressive loading using FEM (Record no. 322980)
[ view plain ]
| 000 -LEADER | |
|---|---|
| fixed length control field | 00404 a2200133 4500 |
| 001 - CONTROL NUMBER | |
| control field | 87907 |
| 082 ## - DEWEY DECIMAL CLASSIFICATION NUMBER | |
| Classification number | PR 250 |
| 090 ## - LOCALLY ASSIGNED LC-TYPE CALL NUMBER (OCLC); LOCAL CALL NUMBER (RLIN) | |
| -- | 41374 |
| -- | 41374 |
| 100 ## - MAIN ENTRY--PERSONAL NAME | |
| Personal name | Mutasem Ghazi; Abdul Munem Khan, Prof. Dr |
| 245 ## - TITLE STATEMENT | |
| Title | Numerical investigation of curved composite panel with cutout under compressive loading using FEM |
| Number of part/section of a work | G-65 |
| 260 ## - PUBLICATION, DISTRIBUTION, ETC. | |
| Place of publication, distribution, etc. | Risalpur |
| Name of publisher, distributor, etc. | NUST |
| Date of publication, distribution, etc. | 2008 |
| 300 ## - PHYSICAL DESCRIPTION | |
| Extent | 90 p. |
| 500 ## - GENERAL NOTE | |
| General note | BE project reports AE |
| 942 ## - ADDED ENTRY ELEMENTS (KOHA) | |
| Institution code [OBSOLETE] | CAE NUST |
| Call number prefix | PR 250 |
| Withdrawn status | Lost status | Damaged status | Not for loan | Collection code | Permanent Location | Current Location | Date acquired | Total Checkouts | Full call number | Barcode | Date last seen | Price effective from | Koha item type |
|---|---|---|---|---|---|---|---|---|---|---|---|---|---|
| College of Aeronautical Engineering (CAE) | College of Aeronautical Engineering (CAE) | 04/03/2017 | PR 250 | CAEPR-250 | 04/05/2017 | 04/05/2017 | Book |
